Eléments de l'univers de Code Lyoko - Statistiques

Statistiques générales
  • Ce quiz a été pris 260 fois
  • Le résultat moyen est 17 sur 25
Statistiques - réponses
Description Element % Correct
Premier territoire à avoir été découvert sur Lyoko Territoire de la Forêt
92%
Le père d'Aelita Franz Hopper
90%
Programme qui permet d'"effacer" les dégâts de XANA dans le monde réel Retour vers le passé
90%
Premier territoire de Lyoko àavoir été détruit Territoire de la Forêt
87%
Nombre de tours par territoiresauf le 5ème Territoire 10
80%
Elément technologique découvertpar Jeremy dans l'usine Supercalculateur
80%
L'établissement où étudient les héros Collège Kadic
79%
Chien d'Odd qu'il cache danssa chambre Kiwi
79%
Monstre capable de prendre le contrôle de quelqu'un de virtualisé La Méduse
79%
Territoire de la première apparitiond'une Tarentule Territoire du Désert
77%
Gigantesque étendue de donnéesqui entoure Lyoko et qui constitue un danger pour quiconque Mer Numérique
73%
Ancienne maison d'Aelita sur Terre L'Ermitage
67%
Pouvoir principal d'Aelita Champs de force
66%
Dernier ennemi affronté par lesLyoko Guerriers Le Kolosse
63%
Mot de passe pour accéder au5ème Territoire Scipio
62%
Vaisseau utilisé par les hérospour s'aventurer dans le Réseau Skidbladnir
62%
Premier monstre rencontré sur Lyoko Kankrelat
60%
Technique d'Ulrich qui luipermet de se créer 2 clones Triplicata
59%
Couleur du halo qui entoure une tourdésactivée dans les saisons 1 et 2 Bleue
56%
Premier nom d'Aelita Maia
54%
Année de la virtualisation sur Lyoko de Franz Hopper et Aelita 1994
52%
Attaque fétiche de William Supersmoke
52%
Aelita les possède et XANA veut s'en emparer pour s'échapper Clés de Lyoko
49%
Les 3 véhicules des héros (sans déterminant) OverbikeOverboard Overwing
48%
Autre nom du 5ème Territoire Carthage
41%
Aucun quiz correspondant
Distribution des résultats
% des personnes avec chaque résultat
Percentile par nombre de réponses
Votre historique - résultats
Vous n’avez pas pris ce quiz